000 01194nam a2200229Ia 4500
001 23358
003 GE_BSU
008 181216s||||||||xx |||||||||||||| ||und||
040 _cGE_BSU
245 _aგადასახადები & აღრიცხვა. №19. 2018.
245 _bსაკონსულტაციო-ანალიტიკური ჟურნალი
245 _cრედ: კოტე უბირია, ექსპერტები:გონერ ურიდია,ჯემალ ძაგნიძე, მაია ნასარაია,და სხვ.
260 _aთბილისი
260 _c2018
300 _a54გვ;20სმ;
520 _aგამოდის თვეში ორჯერ
653 _aგადასახადები & აღრიცხვა. №19. 2018.
653 _aეკონომიკა
653 _aკანონმდებლობის მიმოხილვა, აღრიცხვა,ოფიციალური მასალები,ექსპერტის კონსულტაცია.
653 _aპერიოდიკა
942 _cCR
999 _c56256
_d56256